| 000 | 00832nam a2200205 a 4500 | ||
|---|---|---|---|
| 001 | 000041520 | ||
| 005 | 20201002034949.0 | ||
| 008 | 131009s1987 sp a 000 0 spa d | ||
| 020 | _a8400066332 | ||
| 040 |
_aDO-SdBNP _bspa _cBNPHU |
||
| 082 |
_axxx _bS159i |
||
| 100 | 1 |
_aSala Catalá, José _968240 |
|
| 245 | 1 | 0 |
_aIdeología y ciencia biológica en España entre 1860 y 1881 : _bla difusión de un paradigma / _cJosé Sala Catalá. |
| 260 |
_aMadrid : _bConsejo Superior de Investigaciones Científicas, Centro de Estudios Históricos, _c1987. |
||
| 300 |
_a135 p. ; _c18 cm. |
||
| 490 | 1 |
_aCuadernos Galileo de historia de la ciencia _v8 |
|
| 500 | _aIncluye referencias bibliográficas y notas al pie de las páginas. | ||
| 504 | _aBibliografía: p. 133-134 | ||
| 830 | 0 |
_aCuadernos Galileo de historia de la ciencia _n8 _968241 |
|
| 999 |
_c41010 _d41010 |
||